000 01462nam a2200325 i 4500
003 EG-GICUC
005 20260121101657.0
008 260107s1958 ua ||||fr|||| 00| 0 ara d
040 _a EG-GICUC
_bara
_c EG-GICUC
_d EG-GICUC
_erda
041 0 _aara
082 0 4 _221
_a345.41
_bم ح . م
092 0 4 _221
099 _aLaw1 07 345.41 م ح . م 1 ed - 1958
100 0 _aمحمد حامد الجمل
_eمؤلف.
245 1 2 _aالموظف العام :
_bفقها وقضاءا.
_nالجزء الأول،
_pالنظرية العامة للموظف العام بحث فقهی مقارن وفقا لأحدث التشريعات والفتاوى والأحكام /
_cتألیف محمد حامد الجمل.
250 _aالطبعة الأولى
264 1 _aالقاهرة :
_bدار الفكر الحديث،
_c1958.
300 _a816 صفحة؛
_c24 سم.
_bإيضاحيات، صور، مثيليات ؛
336 _2rda content
_atext
337 _2rda media
_aComputer
338 _2rda carrier
_aOnline Resource
504 _aيشتمل على إرجاعات ببليوجرافية.
546 _aالنص أغلبه باللغة العربية مع بعض النصوص الفرنسية
650 1 4 _aالموظفون -- القطاع العام
_2qrmak
650 1 4 _aالقانون الإداري
_2qrmak
651 1 _2qrmak
856 4 0 _uhttps://fll.law.cu.edu.eg/fulltext/bks/B07-01487.pdf
905 _a32
942 _2ddc
_cBK
_e21
_n0
999 _c55113
_d55113